000 00881nas a2200277 4500
001 BR2011007661
003 BR-BrBNA
005 20231205115223.0
007 ta
008 230509b bl.|||p| |||| 00| 00por d
040 _aBR-BrBNA
_bpor
_cBiblioteca Nacional de Agricultura
041 _a(Pt)
072 _aQ02
100 1 _aFerrari Filho, E.
100 1 _aAntunes, L.E.G.
100 1 _aGottardi, R.
100 1 _aDionello, R.G.
245 1 _aSecagem estacionária de grãos de soja (Glycine Max (L.)Merr.)(Fabales: Fabaceae)com uso de GLP (gás liquefeito de petróleo)em duas alturas de camada
650 _aSOJA
650 _aGLYCINE MAX
650 _aSECAGEM
650 _aCUSTO
773 0 _tRevista de Agricultura (Brazil)
_xISSN 0034-7655
_g(Sep 2011), v. 86(2) p. 143-150
_wBR2011007661
909 _a202311
_bLúcia
_c55
_dLúcia Elande
942 _2AGRIS
_n0
_cANA
999 _c212681
_d212681